Inne tablice rejestracyjne w Polsce - Statystyki

Ogólne statystyki
  • Ten quiz został rozwiązany 51 razy
    29 od ostatniego zresetowania
  • Średni wynik to 9 z 65
Statystyki odpowiedzi
Tablica Odpowiedź % Poprawnych
HA Centralne Biuro Antykorupcyjne
63%
HB Służba Ochrony Państwa
46%
UA .... T Czołgi
21%
HPN Pomorska Komenda Wojewódzka
21%
HPP Śląska Komenda Wojewódzka
21%
HW Straż Graniczna
21%
HPS Świętokrzyska Komenda Wojewódzka
21%
HPW Zachodniopomorska Komenda Wojewódzka
21%
HK Agencja Bezpieczeństwa Wewnętrznego | Agencja Wywiadu
17%
UD Autobusy
17%
HPB Dolnośląska Komenda Wojewódzka
17%
HCA Izba Celna w Olsztynie
17%
HPZ Komenda Stołeczna Policji
17%
HPC Kujawsko-Pomorska Komenda Wojewódzka
17%
HPF Łódzka Komenda Wojewódzka
17%
HPD Lubelska Komenda Wojewódzka
17%
HPE Lubuska Komenda Wojewódzka
17%
HPG Małopolska Komenda Wojewódzka
17%
HPH Mazowiecka Komenda Wojewódzka
17%
HPJ Opolska Komenda Wojewódzka
17%
HPK Podkarpacka Komenda Wojewódzka
17%
HPM Podlaska Komenda Wojewódzka
17%
HM Służba Kontrwywiadu Wojskowego | Służba Wywiadu Wojskowego
17%
HPT Warmińsko-Mazurska Komenda Wojewódzka
17%
HPU Wielkopolska Komenda Wojewódzka
17%
UC .... T Bojowe wozy piechoty
13%
HPL H001–J999 Centrum Szkolenia Policji w Legionowie
13%
UE Ciężarówki | Pojazdy ciężąrowo-terenowe
13%
UH .... T Działa samobieżne
13%
HCB Izba Celna w Białymstoku
13%
HPA Komenda Główna Policji
13%
UG .... T Mosty czołgowe
13%
UB Pojazdy bojowe
13%
UG Pojazdy specjalne na podwoziu ciężarowym
13%
UJ Przyczepy specjalne
13%
UI Przyczepy transportowe
13%
UC Samochody dostawcze
13%
UA Samochody osobowe | Samochody osobowo-terenowe
13%
HPL K001–L999 Szkoła Policji w Katowicach
13%
HPL D001–E999 Szkoła Policji w Pile
13%
HPL F001–G999 Szkoła Policji w Słupsku
13%
UR .... T Wozy rozpoznawcze
13%
UE .... T Wozy zabezpieczenia technicznego
13%
UF .... T Wyrzutnie rakiet
13%
HPL A001-C999 Wyższa Szkoła Policji w Szczytnie
13%
HCC Izba Celna w Białej Podlaskiej
8%
HCG Izba Celna we Wrocławiu
8%
HCK Izba Celna w Gdyni
8%
HCF Izba Celna w Katowicach
8%
HCR Izba Celna w Kielcach
8%
HCE Izba Celna w Krakowie
8%
HCN Izba Celna w Łodzi
8%
HCP Izba Celna w Opolu
8%
HCO Izba Celna w Poznaniu
8%
HCD Izba Celna w Przemyślu
8%
HCH Izba Celna w Rzepinie
8%
HCJ Izba Celna w Szczecinie
8%
HCM Izba Celna w Toruniu
8%
HCL Izba Celna w Warszawie
8%
UK Motocykle
8%
UN .... T Samobieżne działa przeciwlotnicze
8%
UL .... T Wozy dowodzenia
8%
UJ .... T Wozy ewakuacji medycznej
8%
UI .... T Wozy inżynieryjne
8%
UL Zmobilizowane pojazdy cywilne
4%
Nie znaleziono quizów pasujących do podanych kryteriów
Rozkład punktacji
Procent ludzi z każdym wynikiem
Percentyl według liczby udzielonych odpowiedzi
Twoja historia wyników
Nie rozwiązałeś tego quizu od ostatniego zresetowania